| 000 | 00446 a2200157 4500 | ||
|---|---|---|---|
| 999 |
_c29849 _d29849 |
||
| 003 | NUST | ||
| 005 | 20180118122912.0 | ||
| 008 | 180118b xxu||||| |||| 00| 0 eng d | ||
| 020 | _a9812705848 | ||
| 020 | _a9789812705846 | ||
| 082 | _a530.11 | ||
| 100 | 1 |
_aWalecka, John Dirk. _98721 |
|
| 245 | 1 | 0 |
_aIntroduction to general relativity / _cJohn Dirk Walecka. |
| 260 |
_a[S.l.] : _bWorld Scientific Publishing Company, _c2007. |
||
| 300 |
_a356 p. ; _c23 cm. |
||
| 700 |
_aWalecka, John Dirk. _98721 |
||
| 942 |
_aSNS _cBK _k530.11 WAL _2ddc |
||